01490nam a2200397 i 450000100060000000300080000600500170001400600190003100700150005000800410006502000180010602000280012403500220015204000310017405000250020508000140023008200120024410000210025624500330027726400590031030000410036933600290041033700330043933800390047249000530051150400290056458800830059359001620067660000350083865000400087365500270091379700180094083000540095885600630101299900170107521946FINmELB20241216213951.0m o u cr cn|||||||||200110s1999 mx ob 000 0 spa d z9786071614063 a9786071661272q(e-book) a(OCoLC)1139475632 aFINmELBbspaerdacFINmELB14aB3279.H49bS822 1999 a1(43):92904a1932231 aSteiner, George.10aHeidegger /cGeorge Steiner. 1aMéxico, D.F. :bFondo de Cultura Económica,c1999. a1 recurso en línea (147 páginas) atextobtxt2rdamedia/spa acomputadorabc2rdamedia/spa arecurso en línea2rdacarrier/spa1 aBreviarios del Fondo de Cultura Economica ;v347 aContiene bibliografía. aDescripción basada en metadatos suministrados por el editor y otras fuentes. aRecurso electrónico. Santa Fe, Arg.: elibro, 2020. Disponible vía World Wide Web. El acceso puede estar limitado para las bibliotecas afiliadas a elibro.10aHeidegger, Martin,d1889-1976. 4aFilósofoszAlemaniavBiografía. 4aLibros electrónicos.2 aelibro, Corp. 0aBreviarios del Fondo de Cultura Economica ;v347.40uhttps://elibro.net/ereader/politecnicointernacional/111016 c21946d21946